000 00817nam a2200253Ia 4500
001 18138
003 GE_BSU
008 181216s||||||||xx |||||||||||||| ||und||
020 _a978-9941-12-739-7
040 _cGE_BSU
080 _a81
100 _aფეიქრიშვილი, ჟუჟუნა
245 _aენათმეცნიერული ძიებანი
245 _cრედ. რუსუდან საღინაძე
260 _aთბილისი
260 _bუნივერსალი
260 _c2009
300 _a413გვ. ; 21სმ.
300 _eბიბლ.გვ.406-412
541 _h15ლ.
653 _aენათმეცნიერება
653 _aენათმეცნიერული ძიებანი
942 _cBK
999 _c51179
_d51179